| 000 | 02466cam a22004337a 4500 | ||
|---|---|---|---|
| 999 |
_c533029 _d533029 |
||
| 001 | 16976126 | ||
| 003 | NUST | ||
| 005 | 20191210155136.0 | ||
| 008 | 110926s2013 nyua 001 0 eng d | ||
| 010 | _a 2011939713 | ||
| 020 | _a9781111135959 (hbk.) | ||
| 020 | _a1111135959 (hbk.) | ||
| 020 | _a9781111308193 (international ed. : pbk.) | ||
| 020 | _a1111308195 (international ed. : pbk.) | ||
| 035 | _a(OCoLC)ocn741540081 | ||
| 038 | _aMSOHAIL | ||
| 040 |
_aBTCTA _beng _cBTCTA _dJDD _dSITPL _dOQP _dYDXCP _dDLC |
||
| 042 | _alccopycat | ||
| 050 | 0 | 0 |
_aTH4860 _b.K78 2012 |
| 082 | _a690.8047 KRU | ||
| 100 | 1 |
_aKruger, Abe. _926709 |
|
| 245 | 0 | 0 |
_aGreen building : _bprinciples and practices in residential construction / _cAbe Kruger, Carl Seville. |
| 260 |
_aClifton Park, N.Y. : _bDelmar Cengage Learning, _cc2013. |
||
| 300 |
_axxii, 521 p. : _bcol. ill. ; _c29 cm. |
||
| 500 | _aIncludes index. | ||
| 504 | _aIncludes bibliographical references and index. | ||
| 505 | 0 | _aPrinciples and practices in residential construction -- What is green building and why does it make sense? Green building: an overview ; The house as a system ; Planning for green from the start ; Insulation and air seating -- Structural systems. Foundations ; Floors and exterior walls ; Roofs and attics -- Exterior finishes. Fenestration ; Exterior wall finishes ; Outdoor living spaces ; Landscaping -- Interior systems. Interior finishes -- Mechanical systems. Heating, ventilation, and air conditioning ; Electrical ; Plumbing ; Renewable energy -- Putting it all together -- The future of green building -- Green building: keeping the core concepts in mind. | |
| 650 | 0 |
_aSustainable buildings _xDesign and construction. _926710 |
|
| 650 | 0 |
_aSustainable architecture. _925398 |
|
| 650 | 0 |
_aBuildings _xEnvironmental aspects. _926711 |
|
| 700 | 1 |
_aSeville, Carl. _926712 |
|
| 856 | 4 | 2 |
_3Publisher description _uhttp://www.loc.gov/catdir/enhancements/fy1303/2011939713-d.html |
| 856 | 4 | 1 |
_3Table of contents only _uhttp://www.loc.gov/catdir/enhancements/fy1303/2011939713-t.html |
| 856 | 4 | 2 |
_3Contributor biographical information _uhttp://www.loc.gov/catdir/enhancements/fy1303/2011939713-b.html |
| 906 |
_a7 _bcbc _ccopycat _d2 _encip _f20 _gy-gencatlg |
||
| 942 |
_2ddc _cBK |
||